MARC details
| 000 -LEADER |
| fixed length control field |
02330nam a22003737a 4500 |
| 001 - CONTROL NUMBER |
| control field |
105850 |
| 003 - CONTROL NUMBER IDENTIFIER |
| control field |
KnowledgeUnlatched |
| 005 - DATE AND TIME OF LATEST TRANSACTION |
| control field |
20210303104917.0 |
| 006 - FIXED-LENGTH DATA ELEMENTS--ADDITIONAL MATERIAL CHARACTERISTICS |
| fixed length control field |
m o d |
| 007 - PHYSICAL DESCRIPTION FIXED FIELD--GENERAL INFORMATION |
| fixed length control field |
cr u|||||||||| |
| 008 - FIXED-LENGTH DATA ELEMENTS--GENERAL INFORMATION |
| fixed length control field |
210129p20142020xx o u00| u spa d |
| 037 ## - SOURCE OF ACQUISITION |
| Institution to which field applies |
BiblioBoard |
| 020 ## - INTERNATIONAL STANDARD BOOK NUMBER |
| International Standard Book Number |
9789587385243 |
| 029 1# - OTHER SYSTEM CONTROL NUMBER (OCLC) |
| OCLC library identifier |
https://library.biblioboard.com/ext/api/media/c510c6b1-9b6a-4387-ae2d-3b9a38cf7ce4/assets/thumbnail.jpg |
| 040 ## - CATALOGING SOURCE |
| Original cataloging agency |
ScCtBLL |
| Transcribing agency |
ScCtBLL |
| 100 1# - MAIN ENTRY--PERSONAL NAME |
| Personal name |
Schuster, Sven |
| Relator term |
author. |
| 245 03 - TITLE STATEMENT |
| Title |
La nación expuesta |
| Remainder of title |
Cultura visual y procesos de formación de la nación en América Latina / |
| Statement of responsibility, etc. |
Sven Schuster. |
| 264 #1 - PRODUCTION, PUBLICATION, DISTRIBUTION, MANUFACTURE, AND COPYRIGHT NOTICE |
| Name of producer, publisher, distributor, manufacturer |
SciELO Books - Editorial Universidad del Rosario, |
| 300 ## - PHYSICAL DESCRIPTION |
| Extent |
1 online resource. |
| 490 1# - SERIES STATEMENT |
| Series statement |
Ciencias humanas |
| 506 0# - RESTRICTIONS ON ACCESS NOTE |
| Terms governing access |
Access copy available to the general public. |
| Standardized terminology for access restriction |
Unrestricted |
| Source of term |
star |
| 520 ## - SUMMARY, ETC. |
| Summary, etc. |
Esta obra reúne once ensayos originales acerca de la función de las imágenes en los procesos de formación de la nación en América Latina, incluyendo contribuciones de especialistas de Europa, Estados Unidos, América Latina e Israel. Inspirados por el reciente "giro pictorial" en las ciencias sociales, estos textos no sólo transcienden los límites nacionales, sino también los disciplinares, combinando acercamientos de la historia, la literatura, los estudios culturales y las ciencias políticas. En general, los autores indagan sobre la función que han desempeñado las imágenes de lo propio y de lo ajeno -como parte de discursos nacionalistas- dentro de exposiciones y museos, en la prensa, en el arte, en la fotografía, en el cine, así como en forma de monumentos y estatuas, es decir en su función de "imágenes públicas". |
| 588 0# - SOURCE OF DESCRIPTION NOTE |
| Source of description note |
Description based on print version record. |
| 590 ## - LOCAL NOTE (RLIN) |
| Local note |
KU Open Services |
| 650 #7 - SUBJECT ADDED ENTRY--TOPICAL TERM |
| Topical term or geographic name entry element |
History |
| Source of heading or term |
bisacsh |
| 650 #0 - SUBJECT ADDED ENTRY--TOPICAL TERM |
| Topical term or geographic name entry element |
History |
| 655 #0 - INDEX TERM--GENRE/FORM |
| Genre/form data or focus term |
Electronic books. |
| 758 ## - |
| -- |
Is found in: |
| -- |
Knowledge Unlatched |
| -- |
https://openresearchlibrary.org/module/2774bc74-146a-484f-a7ba-ab1d6a09bbfb |
| 830 0# - SERIES ADDED ENTRY--UNIFORM TITLE |
| Uniform title |
Ciencias humanas |
| 856 40 - ELECTRONIC LOCATION AND ACCESS |
| Uniform Resource Identifier |
<a href="https://openresearchlibrary.org/content/c510c6b1-9b6a-4387-ae2d-3b9a38cf7ce4">https://openresearchlibrary.org/content/c510c6b1-9b6a-4387-ae2d-3b9a38cf7ce4</a> |
| Public note |
View this content on Open Research Library. |
| -- |
0 |